000
00300nam a2200133Ia 4500
005
20251222152046.0
008
251222s9999||||xx |||||||||||||| ||spa||
020
_a
9789682481024
082
_a
635.642/V28
100
_a
Van Haeff, J. N. M.
245
0
_a
Tomates
264
_b
Trillas
942
_c
LIB
999
_c
26233
_d
26233